oceania countries quiz - Statistics

General Stats
  • This quiz has been taken 17 times
  • The average score is 12 of 14
Answer Stats
Picture Answer % Correct
australia
100%
new zealand
94%
palau
94%
papua new guinea
94%
fiji
88%
nauru
88%
samoa
88%
solomon islands
88%
vanuatu
88%
federated states of micronesia
81%
kiribati
81%
marshall islands
81%
tonga
75%
tuvalu
75%
No matching quizzes found
Score Distribution
Percent of People with Each Score
Percentile by Number Answered
Your Score History
You have not taken this quiz